<?xml version="1.0" encoding="UTF-8"?>
<record
    xmlns:xsi="http://www.w3.org/2001/XMLSchema-instance"
    xsi:schemaLocation="http://www.loc.gov/MARC21/slim http://www.loc.gov/standards/marcxml/schema/MARC21slim.xsd"
    xmlns="http://www.loc.gov/MARC21/slim">

  <leader>01829nab a22002657a 4500</leader>
  <datafield tag="999" ind1=" " ind2=" ">
    <subfield code="c">5332</subfield>
    <subfield code="d">5332</subfield>
  </datafield>
  <controlfield tag="003">OSt</controlfield>
  <controlfield tag="005">20250221114842.0</controlfield>
  <controlfield tag="008">190603e        xxum|||| |||| 00| 0 spa d</controlfield>
  <datafield tag="040" ind1=" " ind2=" ">
    <subfield code="c">PJ-TDF</subfield>
  </datafield>
  <datafield tag="100" ind1=" " ind2=" ">
    <subfield code="9">6377</subfield>
    <subfield code="a">Pepe, Marcelo A.</subfield>
  </datafield>
  <datafield tag="245" ind1="1" ind2="0">
    <subfield code="a">Derecho real de superficie. (Objeto del derecho real y facultades del superficiario)  /</subfield>
    <subfield code="c">Marcelo A. Pepe.</subfield>
  </datafield>
  <datafield tag="260" ind1=" " ind2=" ">
    <subfield code="c">Ciudad Aut&#xF3;noma de Buenos Aires :</subfield>
    <subfield code="a">Thomson Reuters La Ley, </subfield>
    <subfield code="b">2024.</subfield>
  </datafield>
  <datafield tag="300" ind1=" " ind2=" ">
    <subfield code="a">p. 145-164</subfield>
  </datafield>
  <datafield tag="500" ind1=" " ind2=" ">
    <subfield code="a">Cita: TR LALEY AR/DOC/1975/2024.

Publicado en: R.C.C. y C. 2024 (Septiembre-Octubre). EDICI&#xD3;N ESPECIAL: XXIX Jornadas Nacionales de Derecho Civil.</subfield>
  </datafield>
  <datafield tag="505" ind1=" " ind2=" ">
    <subfield code="a">Sumario: I. Introducci&#xF3;n.&#x2014; II. El derecho real de superficie en el C&#xF3;d. Civ. y Com.&#x2014; III. Constituci&#xF3;n del derecho real de superficie. Implicancias registrales y catastrales.&#x2014; IV. Objeto de los derechos reales y del derecho real de superficie.&#x2014; V. Emplazamiento del derecho real de superficie.&#x2014; VI. Modalidades.&#x2014; VII. Legitimados para constituir derecho real de superficie.&#x2014; VIII. Adquisici&#xF3;n del derecho real de superficie.&#x2014; IX. Facultades del titular superficiario. Constituci&#xF3;n de hipoteca.&#x2014; X. Quid de la transmisibilidad de la superficie. Renuncia.&#x2014; XI. La facultad del superficiario para constituir propiedad horizontal.</subfield>
  </datafield>
  <datafield tag="505" ind1=" " ind2=" ">
    <subfield code="t">&#xBF;Te interesa el texto completo? Solicitalo al correo: koha@justierradelfuego.gov.ar</subfield>
  </datafield>
  <datafield tag="650" ind1=" " ind2="0">
    <subfield code="9">1821</subfield>
    <subfield code="a">DERECHOS REALES</subfield>
  </datafield>
  <datafield tag="650" ind1=" " ind2="0">
    <subfield code="9">1497</subfield>
    <subfield code="a">CODIGO CIVIL Y COMERCIAL</subfield>
  </datafield>
  <datafield tag="650" ind1=" " ind2="0">
    <subfield code="9">3981</subfield>
    <subfield code="a">DERECHO REAL DE SUPERFICIE FORESTAL</subfield>
  </datafield>
  <datafield tag="650" ind1=" " ind2="0">
    <subfield code="9">1608</subfield>
    <subfield code="a">INSCRIPCION REGISTRAL</subfield>
  </datafield>
  <datafield tag="650" ind1=" " ind2="0">
    <subfield code="9">1819</subfield>
    <subfield code="a">HIPOTECA</subfield>
  </datafield>
  <datafield tag="650" ind1=" " ind2="0">
    <subfield code="9">2309</subfield>
    <subfield code="a">PROPIEDAD HORIZONTAL</subfield>
  </datafield>
  <datafield tag="773" ind1="0" ind2=" ">
    <subfield code="0">2713</subfield>
    <subfield code="9">3170</subfield>
    <subfield code="d">Ciudad Aut&#xF3;noma de Buenos Aires : Thomson Reuters La Ley, 2015-</subfield>
    <subfield code="t">Revista C&#xF3;digo Civil y Comercial. N&#xBA; 5 - Septiembre-Octubre 2024</subfield>
  </datafield>
  <datafield tag="942" ind1=" " ind2=" ">
    <subfield code="2">udc</subfield>
    <subfield code="c">ANA</subfield>
  </datafield>
</record>
